Organization : A guide to problems and practice

Saved in:
Bibliographic Details
Main Author: Child, John
Format: Book
Language:Undetermined
Published: London Harper and Row Publishers 1977
Subjects:
Tags: Add Tag
No Tags, Be the first to tag this record!
Institutions: Trung tâm Học liệu Trường Đại học Cần Thơ
LEADER 00510nam a2200193Ia 4500
001 CTU_86174
008 210402s9999 xx 000 0 und d
082 |a 658.4 
082 |b C536 
100 |a Child, John 
245 0 |a Organization : 
245 2 |b A guide to problems and practice 
245 0 |c John Child 
260 |a London 
260 |b Harper and Row Publishers 
260 |c 1977 
650 |a Organizational behavior 
904 |i Năm 
980 |a Trung tâm Học liệu Trường Đại học Cần Thơ